| 000 | 00438nam a2200145 a 4500 | ||
|---|---|---|---|
| 005 | 20140513081056.0 | ||
| 008 | 070905s19uu xx 00 eng d | ||
| 050 |
_aDVD _bIf23 2005 |
||
| 100 | _aLucado, Max | ||
| 245 |
_aIf only I had a green nose / ( motion picture) / _cMax Lucado. |
||
| 260 |
_aPhilippines : _bLighthouse educational, _c2005. |
||
| 500 | _aApprox 60 mins. | ||
| 520 | _aA story about Self- Acceptance | ||
| 999 |
_c116549 _d116549 |
||